000 00405nam a2200169Ia 4500
008 230524s9999 xx 000 0 und d
082 _a537.32
_bSZE
100 _aS.M.Sze
245 0 _a"Physics of Semiconductor Devices ,"
250 _a3RD
260 _aNEW DELHI
_bJohn Wiley
_c2009
300 _aX;793
500 _aQuantity Number: 8
650 _aPhysics
700 _a Kwok K.Ng
942 _cBK
999 _c42988
_d42988